Compulsory land acquisition and voluntary land conversion in Vietnam : The conceptual approach, land valuation and grievance redress mechanisms
The objective of the study was to assess the issues relating to involuntary and voluntary land conversion in the current laws and policies, and the implementation of these laws, and to propose improvements to be considered in the preparation of the law on amendments and supplementations of the Land...
Na minha lista:
| Autor Corporativo: | |
|---|---|
| Formato: | Livro |
| Idioma: | Undetermined |
| Publicado em: |
Ha Hoi
The World Bank
2011
|
| Assuntos: | |
| Tags: |
Adicionar Tag
Sem tags, seja o primeiro a adicionar uma tag!
|
| Thư viện lưu trữ: | Trung tâm Học liệu Trường Đại học Cần Thơ |
|---|
| LEADER | 01034nam a2200217Ia 4500 | ||
|---|---|---|---|
| 001 | CTU_193963 | ||
| 008 | 210402s9999 xx 000 0 und d | ||
| 082 | |a 346.597043 | ||
| 082 | |b W927 | ||
| 110 | |a The World Bank | ||
| 245 | 0 | |a Compulsory land acquisition and voluntary land conversion in Vietnam : | |
| 245 | 4 | |b The conceptual approach, land valuation and grievance redress mechanisms | |
| 245 | 4 | |c The World Bank | |
| 260 | |a Ha Hoi | ||
| 260 | |b The World Bank | ||
| 260 | |c 2011 | ||
| 520 | |a The objective of the study was to assess the issues relating to involuntary and voluntary land conversion in the current laws and policies, and the implementation of these laws, and to propose improvements to be considered in the preparation of the law on amendments and supplementations of the Land Law scheduled to be placed before the National Assembly in 2013. | ||
| 650 | |a Land law,Luật đất đai | ||
| 650 | |z Vietnam,Việt Nam | ||
| 910 | |a Hải | ||
| 980 | |a Trung tâm Học liệu Trường Đại học Cần Thơ | ||